Recherches sur la nature et les fonctions du langage / (Record no. 5867)

MARC details
000 -LEADER
campo de control de longitud fija 00621nam a2200217 i 4500
001 - NÚMERO DE CONTROL
campo de control 5867
003 - IDENTIFICADOR DE NÚMERO DE CONTROL
campo de control ES-MaACL
005 - FECHA Y HORA DE LA ÚLTIMA TRANSACCIÓN
campo de control 20230906144718.0
007 - CAMPO FIJO DE DESCRIPCIÓN FÍSICA--INFORMACIÓN GENERAL
campo de control de longitud fija t|
008 - DATOS DE LONGITUD FIJA--INFORMACIÓN GENERAL
campo de control de longitud fija 890601s1972 fr ||||1| fre d
080 ## - NÚMERO DE LA CLASIFICACIÓN DECIMAL UNIVERSAL
Número de la Clasificación Decimal Universal 4.01
100 1# - ENTRADA PRINCIPAL--NOMBRE DE PERSONA
Nombre de persona Parain, Brice.
9 (RLIN) 88919
245 10 - MENCIÓN DEL TÍTULO
Título Recherches sur la nature et les fonctions du langage /
Mención de responsabilidad, etc. Brice Parain.
260 ## - PUBLICACIÓN, DISTRIBUCIÓN, ETC.
Lugar de publicación, distribución, etc. [Paris] :
Nombre del editor, distribuidor, etc. Gallimard,
Fecha de publicación, distribución, etc. D.L. 1972.
300 ## - DESCRIPCIÓN FÍSICA
Extensión 254 p. ;
Dimensiones 18 cm.
490 1# - MENCIÓN DE SERIE
Mención de serie Idees. Philosophie ;
Designación de volumen o secuencia 265
650 #4 - PUNTO DE ACCESO ADICIONAL DE MATERIA--TÉRMINO DE MATERIA
Término de materia o nombre geográfico como elemento de entrada Lenguaje.
9 (RLIN) 14341
830 0# - PUNTO DE ACCESO ADICIONAL DE SERIE-TÍTULO UNIFORME
Título uniforme Idees. Philosophie ;
Designación de volumen o secuencia 265
9 (RLIN) 222905
852 ## - LOCALIZACIÓN
Ubicación ES-MaACL
Número de control de estantería L-12983
Sublocalización o colección R.115486
Holdings
Estatus retirado Estado de pérdida Estado de daño No para préstamo Biblioteca de origen Biblioteca actual Ubicación en estantería Fecha de adquisición Fuente de adquisición Total de préstamos Signatura topográfica completa Código de barras Visto por última vez Precio de reemplazo Tipo de ítem Koha
        Biblioteca del Ateneo de Madrid Biblioteca del Ateneo de Madrid Depósito 2 17/01/2008     L-12983 1005961 23/02/2023 23/02/2023 Libro impreso